LEADER 01003nam a2200241 i 4500 001 000000134144 003 CaOOAMICUS 005 20050125000000.0 008 050125s1954 it u000 u ita u 013 $a107226 040 $aSeMil$bita 245 10$aMarino e i Marinisti /$cA cura di Giuseppe Guido Ferrero. 260 $aMilano ; Napoli :$bRicciardi,$c1954. 300 $aXLVI, 1139 p. ;$c23 cm. 490 0 $aLa letteratura italiana : storia e testi ;$v37 500 $aContiene : Nota biografica. 650 4$aPoesia italiana - Sec. 17.$0(OLS)http://semarc/subject/10443 700 1 $aFerrero, Giuseppe Guido.$0(OLS)http://semarc/name/36850 830 3$aLa letteratura italiana : storia e testi ;$v37.$0(OLS)http://semarc/title/220 850 $aSeMil 852 $aSeMil$W1$xVenegono$y1$m1E III 160$j87912$B87912$CSeMilBibl$Z2$F92018 $81 996 $6245$aMarino e i Marinisti$9(OLS)http://semarc/title/196236 996 $6260$aMilano ; Napoli :$bRicciardi$9(OLS)http://semarc/publisher/29956 LEADER 00809nam a2200217 i 4500 001 000000053632 003 CaOOAMICUS 005 20120316000000.0 008 120316s1963 it u000 u ita u 013 $a24804 040 $aSeMil$bita 245 12$aI mistici /$ca cura di Elémire Zolla. 260 $aMilano :$bGarzanti,$ccopyr. 1963. 300 $a1620 p., [25] p. di tav. :$bill. ;$c22 cm. 500 $aContiene : Fonti bibliografiche. 650 4$aMistici.$0(OLS)http://semarc/subject/3632 700 1 $aZolla, Elémire,$d<1926-2002>.$0(OLS)http://semarc/name/1864 850 $aSeMil 852 $aSeMil$W1$xVenegono$y1$m2C IV 298$j19786$B19786$CSeMilBibl$Z2$F19788 $81 996 $6245$aI mistici$9(OLS)http://semarc/title/7936 996 $6260$aMilano :$bGarzanti$9(OLS)http://semarc/publisher/29852